|
|
|
|
| LEADER |
00000nam a22000007a 4500 |
| 005 |
20210518234131.0 |
| 007 |
cr|||| |||| |
| 008 |
210518s2017 br |||||s|||| 00||0 por d |
| 020 |
|
|
|a 978-85-8310-083-6
|
| 035 |
|
|
|a 33302
|
| 040 |
|
|
|a vLex
|
| 090 |
|
|
|c 11729
|d 11729
|
| 100 |
1 |
|
|a Furtado Loubet, Leonardo
|
| 245 |
1 |
0 |
|a Tributaȯ̂ federal no agronegc̤io
|h [Recurso electrn̤ico] /
|c Leonardo Furtado Loubet
|
| 256 |
|
|
|a Servicio en ln̕ea
|
| 260 |
|
|
|a San Pablo:
|b Editora Noeses,
|c 2017
|
| 300 |
|
|
|a 1 recurso electrn̤ico
|
| 500 |
|
|
|a O objetivo desta obra inďita ̌analisar a incidn̊cia da tributaȯ̂ federal sobre a atividade do agronegc̤io, que ocupa posiȯ̂ importante no cenr̀io econm̥ico nacional, fazendo um enlace constante com os problemas cotidianos que essa temt̀ica provoca.
|
| 506 |
1 |
|
|a Disponible solo en los productos indicados
|d vLex Global
|d vLex Global (Academic Edition, excluding Law Schools)
|d vLex Global (U.S. Academic Edition, Law Schools)
|d vLex Global (U.S. Academic Edition, excluding Law Schools)
|d vLex Global (Academic Edition, Law Schools)
|
| 650 |
0 |
4 |
|a Derecho Tributario
|z Brasil
|
| 740 |
0 |
|
|a vLex Libros (Servicio en ln̕ea)
|
| 856 |
4 |
0 |
|u https://vlex.com/source/tributa-o-federal-no-agronegocio-33302
|z Acceso restringido
|
| 942 |
|
|
|c BOOK
|
| 999 |
0 |
|
|a Tax Law
|